[Event "Faculdade Crista da Amazonia op 16th"]
[Site "Faculdade Crista da Amazonia"]
[Date "2021.08.28"]
[Round "2"]
[White "De Lima, Filipe Chagas"]
[Black "Moura, Daniel Augusto Mend"]
[Result "0-1"]
[WhiteElo "1800"]
[BlackElo "1754"]
[PlyCount "86"]
[EventDate "2021.08.27"]
[EventType "swiss"]
[EventRounds "5"]
[EventCountry "BRA"]
[SourceTitle "CBM 204 Extra"]
[Source "ChessBase"]
[SourceDate "2021.11.30"]
[SourceVersion "1"]
[SourceVersionDate "2021.11.30"]
[SourceQuality "1"]

1. e4 d6 2. Nf3 g6 3. Bb5+ c6 4. Ba4 Bg7 5. c3 Nf6 6. d3 0-0 7. Bd2 h6 8. Qc1 Kh7 9. Bb3 e5 10. h3 Nbd7 11. Na3 Nc5 12. Bc2 a5 13. Be3 Ne6 14. g3 Nh5 15. Nc4 c5 16. Qd2 d5 17. exd5 Qxd5 18. Qe2 Ra6 19. 0-0-0 b5 20. g4 Nhf4 21. Bxf4 Nxf4 22. Qe3 bxc4 23. dxc4 Qxc4 24. b3 Qb5 25. a4 Qc6 26. Be4 Qb6 27. Bc2 Be6 28. c4 Rb8 29. Nd2 Qb4 30. Ne4 Qa3+ 31. Kd2 Rd8+ 32. Ke1 Ng2+ 33. Ke2 Nxe3 34. Rxd8 Nxc2 35. Nd6 Nd4+ 36. Kf1 Qc1+ 37. Kg2 Qf4 38. Rd1 Bf6 39. Rf8 Qf3+ 40. Kf1 Qxd1+ 41. Kg2 Rxd6 42. Ra8 Qf3+ 43. Kf1 Bh4 0-1